000 00243nam a2200109Ia 4500
008 230320s9999||||xx |||||||||||||| ||spa||
082 _a234.165/A23
100 _aAdnés, Pierre
245 0 _aEl Matrimonio
260 _bHerder
942 _80
_cLIB
999 _c23669
_d23669